Správca budov /

Saved in:
Bibliographic Details
Main Author: Adamová, Zuzana (Author)
Format: Book
Language:Slovak
Published: Košice : V. O. Č. Slovakia, 2016
Edition:2. preprac. vyd.
Series:Edícia vedeckých a odborných publikácií - učebnica
Subjects:
ISBN:9788097091767
Online Access: Get full text
Tags: Add Tag
No Tags, Be the first to tag this record!

MARC

LEADER 00000nam a2200000 4500
003 SK-BrCVT
005 20220621182525.0
006 aadeoe 000 0
008 160704s2016 xo adeoe 000 0slo#d
020 |a 9788097091767   |q (brož.) 
035 |a CVTIDW0058667 
040 |a CVTISR  |b slo  |c CVTISR  |e AACR2  |d CVTI SR 
041 0 |a slo 
044 |a xo  |c SK 
080 |a 351.778.5  |2 2008 
080 |a 005.93  |2 2008 
100 1 |a Adamová, Zuzana  |4 aut 
245 1 0 |a Správca budov /  |c [autorstvo kapitol: Zuzana Adamová Tomková ... [et al.]] 
250 |a 2. preprac. vyd. 
260 |a Košice :  |b V. O. Č. Slovakia,  |c 2016 
300 |a 221 s., príl. :  |b fotogr., grafy, lit., obr., tab. ;  |c 30 cm 
490 0 |a Edícia vedeckých a odborných publikácií - učebnica 
653 1 |a správa budov 
653 1 |a bytový dom 
653 1 |a vlastník bytu 
653 1 |a hospodárenie 
655 7 |a učebnice  |2 SNKPH 
655 7 |a zborníky  |2 SNKPH 
760 1 |t Edícia vedeckých a odborných publikácií - učebnica 
852 |a CVTISR  |b 1 
910 |b A624196 
919 |a 978-80-970917-6-7 
959 |a 02 
974 |a jana.rakovicka  |f Knihy 
992 |a AUC 
999 |c 259321  |d 259321